000 01970nam a2200301 i 4500
001 158228
003 ES-MaACL
005 20240228155328.0
008 931025s1676 sp |||| | spa d
100 1 _aLuna, Miguel de.
_974761
245 1 0 _aHistoria verdadera del Rey Don Rodrigo
_b: en la qual se trata la causa principal de la pèrdida de España, y la conquista que della hizo Miramamolin Almançor ... : y vida del Rey Iacob Almançor /
_ccompuesta por ... Abulcacin Tarif Abentarique ... ; nuevamente traducida de lengua arabiga por Miguel de Luna...
250 _aSexta impression...
260 _aEn Madrid :
_bpor Melchor Sanchez y à su costa,
_c1676 [1675]
300 _a[16], 438, [10] p. ;
_c4º.
530 _aDisponible en formato digital.
590 0 _aDescripción basada en el ejemp. incompleto de AB-BP.
594 _aAunque se presenta como el traductor, el verdadero autor de la obra es Miguel de Luna, que se oculta tras el seudónimo de Abulcacin Tarif Abentarique.
594 _aEn p. 227 la 2ª parte de la obra con port. propia : "Segunda parte de la Historia de la perdida de España y vida del rey Iacob Almançor ..."
596 _aSegunda fecha tomada de port. de la 2ª parte de la obra.
597 _aSign.:¶8, A-Z8, 2A-2E8.
600 0 4 _aRodrigo
_cRey de los Visigodos.
_9156818
651 7 _aEspaña-
_xHistoria-
_y0414-0711, Época visigoda
_2
_9162046
651 4 _aAl-Andalus-
_xHistoria-
_y711-756, Emirato dependiente.
_9155942
852 _aES-MaACL
_jR-3375(2)
_zCotejado con la relación de obras recuperadas expediente robo.
_zCambio de signatura: datos tomados del fichero topográfico R.
_9164103
_dOlim: G-2853
_qContiene "Segunda parte" (p. [227]-438, [10] p.)
_xEncuadernacion . con la 1ª parte de la obra correspondiente a la "septima impression"
856 _uhttp://bdh-rd.bne.es/viewer.vm?id=0000115795&page=1
_zBiblioteca Digital Hispánica
942 _2udc
999 _c158228
_d158228